| 000 | 00000nam##2200000za#4500 |
| 001 | 9.671191 |
| 003 | CaOODSP |
| 005 | 20220125145842 |
| 007 | ta |
| 008 | 150407|2009||||xxc||||| f|0| 0 eng|d |
| 020 | |a978-1-100-50720-0 |
| 040 | |aCaOODSP|beng |
| 041 | |aeng |
| 041 | |afre |
| 043 | |an-cn--- |
| 086 | 1 |aD2-247/2009 |
| 110 | 1 |aCanada. |bDepartment of National Defence. |
| 245 | 10|aProjecting power - Canada's Air Force 2035 / |cEdited by Dr. Andrew B. Godefroy. |
| 260 | |aOttawa - Ontario : |bNational Defence |cc2009. |
| 300 | |aEnglish text, ix, 97p. : |bfigs., glossary, graphs, maps, references, tables, photographs ; |c25 cm. |
| 504 | |aBibliography. |
| 520 | 3 |aOffers a detailed first look at how the Canadian Air Force may be conducting missions a generation from today as well as what capability requirements will be needed to operate within this environment. |
| 563 | |aSoftcover |
| 590 | |a10-04|b2010-01-29 |
| 690 | 07|aArmed forces|2gcpds |
| 720 | 1 |aGodefroy, Andrew B. |
| 776 | 0#|tProjection de la puissance - la Force aérienne du Canada en 2035 / |w(CaOODSP)9.637121 |
| 776 | 0#|tProjecting power - Canada's Air Force 2035 / |w(CaOODSP)9.692104 |
| 792 | |tProjection de la puissance - la Force aérienne du Canada en 2035 / |efre|w(CaOODSP)9.671192 |